00362nam a2200133 a 45000010010000000030011000100080041000210350026000620820014000881000022001022450044001242600041001686500019002090000-8574ELIB.Books110520 1944  a(ELIB.Books)0000-8720 a270 bTho aThomas, George F. aThe Vitality of the Christian Tradition bNew York: Harper and Brothers c1944 aChurch History